La Clave para un gobierno mejor privatización
সংরক্ষণ করুন:
| প্রধান লেখক: | |
|---|---|
| বিন্যাস: | পাঠ্য |
| প্রকাশিত: |
México, D.F:
Gernika
|
| ট্যাগগুলো: |
ট্যাগ যুক্ত করুন
কোনো ট্যাগ নেই, প্রথমজন হিসাবে ট্যাগ করুন!
|
MARC
| LEADER | 00000 a a2200000 04500 | ||
|---|---|---|---|
| 001 | 23207 | ||
| 003 | |||
| 040 | |||
| 020 | |a 968-6642-70-6 | ||
| 090 | |a 160500 | ||
| 100 | |a Savas, E.S. | ||
| 245 | |a La Clave para un gobierno mejor privatización | ||
| 260 | |a México, D.F: |b Gernika | ||
| 300 | |a 431 p | ||
| 999 | |c 5588 |d 5588 | ||



